000 00576cam a22002053a 4500
001 37017
003 PGUSA
005 20140828083819.0
008 110809s2011||||xxu|||||s|||||000 | eng d
040 _aPGUSA
_beng
042 _adc
100 1 _aBergengren, Ralph,
_d1871-1947
245 1 4 _aThe Comforts of Home
_h[electronic resource] /
_cRalph Bergengren
260 _bProject Gutenberg,
_c2011
506 _aPublic domain in the USA.
516 _aElectronic text
830 0 _aProject Gutenberg
_v37017
856 4 0 _uhttp://www.gutenberg.org/ebooks/37017
942 _cEB
999 _c266272
_d266272